Ultimate Parks and Rec Trivia - Statistics

General Stats
  • This quiz has been taken 311 times
  • The average score is 21 of 31
Answer Stats
Hint Answer % Correct
What instrument does Duke Silver play? Saxophone
96%
In how many episodes does Ron not have a complete mustache? Three
96%
How many children do Leslie and Ben have? Three
96%
In which season is Ben Wyatt introduced Season Two
95%
What does Ben dress up as when he "treats himself" Batman
88%
What game did Ben invent Cones of Dunshire
87%
Who is Leslie Knope's celebrity crush? Joe Biden
87%
When Andy and April move in together what do they eat out of instead of a plate? A Frisbee
82%
Zerts Desserts
78%
Food Rakes Forks
78%
What did Ben get impeached for when he was 18? Icetown
76%
Jerry's painting portrays Leslie as a Greek Goddess and who as a cherub? Tom Haverford
76%
What award does Ron receive that Leslie gets upset about? Woman of the Year
76%
Who, portrayed by Paul Rudd, does Leslie Knope run against for City Council? Bobby Newport
75%
What was Andy's alter ego when he stars on a television series? Johnny Karate
75%
What is the song Andy sings for Lil Sebastian's memorial? 5,000 candles in the wind
73%
What was Andy's FBI alter ego? Burt Macklin
73%
Go-go mobile Car
69%
Apps Appetizers
65%
What holiday does Leslie come up with? Galentines Day
62%
What did Andy Dwyer tribute his weight loss to in season 6? He stopped drinking beer
61%
Who, along with Ben, was knighted? Andy Dwyer
55%
What was Ben Wyatt's job when he was first introduced? State auditor
47%
What is the one thing Ron hates more than lying Skim Milk
46%
What business does Ron create? Very Good Building Inc
44%
Who does Ron end up marrying and having a child with? Diane Lewis
41%
What does Andy do that causes Ann to break up with him? He lies about how long he needs to keep his cast on
37%
Cool Blasterz Air conditioner
36%
Where does the first scene of the series take place? A playground
36%
What did Ben want to do for his bachelor party Play board games
30%
Sammies/Samdoozles/Adam Sandlers Sandwhiches
22%
No matching quizzes found
Score Distribution
Percent of People with Each Score
Percentile by Number Answered
Your Score History
You have not taken this quiz